| 000 | 01135cam a22002174a 4500 | ||
|---|---|---|---|
| 005 | 20250605163607.0 | ||
| 008 | 250528s ||||||||||||||||||||||||d | ||
| 035 | _a22399 | ||
| 020 | _a9789604020676 | ||
| 040 |
_aGR-AtMCL _bgre _dGR-AtMCL _eAACR2 |
||
| 245 | 1 | _aΗ ΕΡΕΥΝΑ ΣΤΗΝ ΠΡΟΣΧΟΛΙΚΗ ΕΚΠΑΙΔΕΥΣΗ ΤΟΜΟΣ Γ / ΠΟΙΟΤΗΤΑ, ΠΡΟΒΛΗΜΑΤΑ ΚΑΙ ΟΡΓΑΝΩΣΗ ΤΗΣ ΠΡΟΣΧΟΛΙΚΗΣ ΕΚΠΑΙΔΕΥΣΗΣ | |
| 250 | _a1 | ||
| 260 |
_bΤυπωθητω, _c2002 |
||
| 300 | _a380 | ||
| 505 | 0 | _aΠΡΟΣΧΟΛΙΚΗ ΚΑΙ ΠΡΩΤΟΣΧΟΛΙΚΗ ΕΚΠΑΙΔΕΥΣΗ ΘΕΜΑΤΑ ΦΙΛΟΣΟΦΙΑΣ ΤΗΣ ΠΑΙΔΕΙΑΣ ΡΟΛΟΣ, ΑΝΑΠΑΡΑΣΤΑΣΕΙΣ ΚΑΙ ΕΚΠΑΙΔΕΥΣΗ ΕΚΠΑΙΔΕΥΤΙΚΩΝ | |
| 520 | _aΠΡΟΣΧΟΛΙΚΗ ΚΑΙ ΠΡΩΤΟΣΧΟΛΙΚΗ ΕΚΠΑΙΔΕΥΣΗ ΘΕΜΑΤΑ ΦΙΛΟΣΟΦΙΑΣ ΤΗΣ ΠΑΙΔΕΙΑΣ ΡΟΛΟΣ, ΑΝΑΠΑΡΑΣΤΑΣΕΙΣ ΚΑΙ ΕΚΠΑΙΔΕΥΣΗ ΕΚΠΑΙΔΕΥΤΙΚΩΝ | ||
| 700 | 1 | _aΚουρτη Ευαγγελια | |
| 942 | _cBK | ||
| 999 |
_c7452 _d7452 |
||